00559nam a2200145 a 450000100100000000500170001000800410002704000250006824501070009326000680020030000270026870000420029570000340033771000420037100003995020201002033828.0130731s1996 dr 000 0 spa d aDO-SdBNPbspacBNPHU00aInvestigaciones agropecuarias 1985-1995 /cprólogo Francisco Miguel González, Juan Díaz Gómez. aSanto Domingo, :bSecretaría de Estado de Agricultura,c1996. a73 p. :bil. ;c18 cm.1 aGonzález, Francisco Miguelepról.1 aDíaz Gómez, Juanepról.2 aSecretaría de Estado de Agricultura